La luna / (Record no. 108952)
[ view plain ]
| 000 -LEADER | |
|---|---|
| campo de control de longitud fija | 00965nam a2200265 4500 |
| 001 - NÚMERO DE CONTROL | |
| campo de control | 108952 |
| 003 - IDENTIFICADOR DE NÚMERO DE CONTROL | |
| campo de control | ES-MaACL |
| 005 - FECHA Y HORA DE LA ÚLTIMA TRANSACCIÓN | |
| campo de control | 20230906184739.0 |
| 007 - CAMPO FIJO DE DESCRIPCIÓN FÍSICA--INFORMACIÓN GENERAL | |
| campo de control de longitud fija | t| |
| 008 - DATOS DE LONGITUD FIJA--INFORMACIÓN GENERAL | |
| campo de control de longitud fija | 061121s1986 sp r ||||1| spa d |
| 020 ## - NÚMERO INTERNACIONAL ESTÁNDAR DEL LIBRO | |
| Número Internacional Estándar del Libro | 84-7214-350-3 |
| 100 1# - ENTRADA PRINCIPAL--NOMBRE DE PERSONA | |
| Nombre de persona | Moore, Patrick. |
| 9 (RLIN) | 82823 |
| 245 13 - MENCIÓN DEL TÍTULO | |
| Título | La luna / |
| Mención de responsabilidad, etc. | Patrick Moore ; mapas por Charles A. Cross , prefacio por el profesor Archie E. Roy ; [ traducción Manuel Sanroma Lucía]. |
| 250 ## - MENCION DE EDICION | |
| Mención de edición | [1.ª ed.]. |
| 260 ## - PUBLICACIÓN, DISTRIBUCIÓN, ETC. | |
| Lugar de publicación, distribución, etc. | Madrid : |
| Nombre del editor, distribuidor, etc. | Blume, |
| Fecha de publicación, distribución, etc. | 1986. |
| 300 ## - DESCRIPCIÓN FÍSICA | |
| Extensión | 96 p. : |
| Otras características físicas | il. col. y neg. ; |
| Dimensiones | 29 cm. |
| 490 1# - MENCIÓN DE SERIE | |
| Mención de serie | Biblioteca de atlas astronómicos para observadores profesionales y aficionados |
| 500 ## - NOTA GENERAL | |
| Nota general | Indices. |
| 700 1# - ENTRADA AGREGADA--NOMBRE PERSONAL | |
| Nombre de persona | Cross, Charles A. |
| 9 (RLIN) | 41712 |
| 700 1# - ENTRADA AGREGADA--NOMBRE PERSONAL | |
| Nombre de persona | Roy, Archie E. |
| 9 (RLIN) | 100195 |
| 700 1# - ENTRADA AGREGADA--NOMBRE PERSONAL | |
| Nombre de persona | Sanroma Lucía, Manuel. |
| 9 (RLIN) | 103199 |
| 830 0# - PUNTO DE ACCESO ADICIONAL DE SERIE-TÍTULO UNIFORME | |
| Título uniforme | Biblioteca de atlas astronómicos para observadores profesionales y aficionados |
| 9 (RLIN) | 185700 |
| 852 ## - LOCALIZACIÓN | |
| Ubicación | ES-MaACL |
| Número de control de estantería | L-11370 |
| Sublocalización o colección | R.112855 |
| Estatus retirado | Estado de pérdida | Estado de daño | No para préstamo | Biblioteca de origen | Biblioteca actual | Ubicación en estantería | Fecha de adquisición | Fuente de adquisición | Total de préstamos | Signatura topográfica completa | Código de barras | Visto por última vez | Precio de reemplazo | Tipo de ítem Koha |
|---|---|---|---|---|---|---|---|---|---|---|---|---|---|---|
| Biblioteca del Ateneo de Madrid | Biblioteca del Ateneo de Madrid | Depósito 2 | 17/01/2008 | L-11370 | 1113684 | 23/02/2023 | 23/02/2023 | Libro impreso |
